[Event "MVP-ch Seniors op 18th"]
[Site "Ostseebad Binz"]
[Date "2018.11.30"]
[Round "3"]
[White "Giering, Gregor"]
[Black "Mueller, Dieter5555"]
[Result "1-0"]
[WhiteElo "1830"]
[BlackElo "1601"]
[PlyCount "151"]
[EventDate "2018.11.28"]
[EventType "swiss"]
[EventRounds "9"]
[EventCountry "GER"]
[SourceTitle "CBM 188 Extra"]
[Source "ChessBase"]
[SourceDate "2019.02.26"]
[SourceVersion "1"]
[SourceVersionDate "2019.02.26"]
[SourceQuality "1"]

1. b3 c6 2. Bb2 Qb6 3. Nf3 a5 4. Bd4 c5 5. Bc3 d5 6. e3 Nc6 7. d4 e6 8. Bd3 Nf6 9. Nbd2 Be7 10. 0-0 0-0 11. Rc1 Bd7 12. dxc5 Qxc5 13. Bb2 Nb4 14. a3 Na2 15. Bd4 Qc7 16. Ra1 Nc3 17. Qe1 Nce4 18. Ne5 Bc8 19. f3 Nxd2 20. Qxd2 Bd6 21. f4 Ne8 22. Rfc1 f6 23. Nf3 e5 24. fxe5 fxe5 25. Ng5 e4 26. Nxe4 dxe4 27. Bxe4 Bxh2+ 28. Kh1 Nf6 29. Bxf6 Rxf6 30. Qd5+ Kh8 31. Qh5 g6 32. Qxh2 Qe7 33. Bd3 Bf5 34. Qg1 Raf8 35. a4 g5 36. Qe1 b6 37. Bxf5 Rxf5 38. Qc3+ Kg8 39. Kg1 Rc5 40. Qd3 Rf6 41. Rf1 Rd6 42. Qe2 Rcd5 43. Rae1 Qe4 44. Qf3 Qxf3 45. Rxf3 Rd2 46. Rf2 Rxf2 47. Kxf2 Rd2+ 48. Re2 Rxe2+ 49. Kxe2 Kf7 50. Kf3 Ke6 51. c3 Ke5 52. g3 h5 53. b4 g4+ 54. Ke2 Ke4 55. bxa5 bxa5 56. c4 Ke5 57. Kd3 Kd6 58. e4 Ke5 59. c5 Ke6 60. Ke3 Ke5 61. Kf2 Ke6 62. Ke2 Ke5 63. Ke3 Ke6 64. Kf4 Kf6 65. c6 Ke7 66. Kg5 Kd6 67. c7 Kxc7 68. Kxh5 Kd6 69. Kxg4 Ke5 70. Kf3 Kf6 71. Kf4 Ke7 72. e5 Kf7 73. Kf5 Kf8 74. e6 Kg8 75. e7 Kh7 76. e8Q 1-0

[Event "MVP-ch Seniors op 16th"]
[Site "Binz"]
[Date "2016.11.27"]
[Round "5.56"]
[White "Koehler, Marianne"]
[Black "Giering, Gregor"]
[Result "1/2-1/2"]
[WhiteElo "1652"]
[BlackElo "1867"]
[PlyCount "80"]
[EventDate "2016.11.23"]
[EventType "swiss"]
[EventRounds "9"]
[EventCountry "GER"]
[SourceTitle "EXT 2018"]
[Source "ChessBase"]
[SourceDate "2017.10.13"]
[SourceVersion "1"]
[SourceVersionDate "2017.10.13"]
[SourceQuality "1"]

1. e4 c5 2. Nf3 Nc6 3. c3 d6 4. d3 Nf6 5. Be2 g6 6. 0-0 Bg7 7. h3 0-0 8. Nh2 d5 9. exd5 Nxd5 10. Bf3 Bf5 11. Be4 Qd7 12. Bxf5 Qxf5 13. Qf3 Qd7 14. Ng4 Na5 15. Ne5 Bxe5 16. Na3 Rad8 17. Nc4 Bb8 18. Bh6 Rfe8 19. Rad1 Qc7 20. g3 b5 21. Ne3 Nf6 22. Bf4 e5 23. Bg5 Nh5 24. Bxd8 Rxd8 25. Qe4 Qd7 26. Qg2 f5 27. f3 f4 28. g4 Ng3 29. Rfe1 h5 30. gxh5 gxh5 31. Nf1 Kh7 32. Kh2 Rg8 33. Qc2 Nf5 34. d4 Kh6 35. dxe5 Qg7 36. Qf2 Nh4 37. Nd2 Qg2+ 38. Qxg2 Rxg2+ 39. Kh1 Rg7 40. Re4 Nf5 1/2-1/2

[Event "MVP-ch Seniors op 15th"]
[Site "Binz"]
[Date "2015.11.28"]
[Round "5.66"]
[White "Giering, Gregor"]
[Black "Koehler, Marianne"]
[Result "1-0"]
[WhiteElo "1660"]
[BlackElo "1389"]
[PlyCount "71"]
[EventDate "2015.11.24"]
[EventType "swiss"]
[EventRounds "9"]
[EventCountry "GER"]
[SourceTitle "EXT 2017"]
[Source "ChessBase"]
[SourceDate "2016.10.25"]
[SourceVersion "1"]
[SourceVersionDate "2016.10.25"]
[SourceQuality "1"]

1. b3 d6 2. Bb2 Nd7 3. e3 Ngf6 4. Nf3 e5 5. d3 Be7 6. Be2 0-0 7. 0-0 Ne8 8. Nfd2 f5 9. f4 Bf6 10. fxe5 Nxe5 11. d4 Nc6 12. Nf3 g6 13. Nc3 Ne7 14. Rb1 Ng7 15. d5 a6 16. a4 Bd7 17. Nd4 Qe8 18. e4 Be5 19. Nf3 Bxc3 20. Bxc3 h6 21. Qd4 Rf7 22. Bd3 Kh7 23. e5 c5 24. Qh4 Nxd5 25. Ng5+ Kg8 26. Qxh6 Ne6 27. Bb2 Nxg5 28. exd6 Qe3+ 29. Kh1 Rh7 30. Qxg6+ Kf8 31. Bxf5 Bxf5 32. Rxf5+ Rf7 33. Rxg5 Qxg5 34. Qxg5 Nb6 35. Re1 Nd7 36. Qh6+ 1-0

[Event "MVP-ch Seniors op 15th"]
[Site "Binz"]
[Date "2015.11.25"]
[Round "2.43"]
[White "Bondick, Karl Heinz"]
[Black "Giering, Gregor"]
[Result "1-0"]
[WhiteElo "1926"]
[BlackElo "1660"]
[PlyCount "97"]
[EventDate "2015.11.24"]
[EventType "swiss"]
[EventRounds "9"]
[EventCountry "GER"]
[SourceTitle "EXT 2017"]
[Source "ChessBase"]
[SourceDate "2016.10.25"]
[SourceVersion "1"]
[SourceVersionDate "2016.10.25"]
[SourceQuality "1"]

1. d4 d5 2. e4 dxe4 3. Nc3 Nf6 4. f3 exf3 5. Nxf3 Bg4 6. h3 Bxf3 7. Qxf3 c6 8. Be3 e6 9. Bd3 Bb4 10. 0-0 0-0 11. g4 Bxc3 12. bxc3 Nd5 13. Bd2 Nd7 14. Rf2 e5 15. Raf1 Qe7 16. c4 Nf4 17. Bxf4 exf4 18. Qxf4 Rac8 19. c5 Nf6 20. c4 Qc7 21. g5 Qxf4 22. Rxf4 Nh5 23. Rh4 g6 24. Re1 Rfe8 25. Rhe4 Kf8 26. Kf2 Rxe4 27. Rxe4 Re8 28. Ke3 Ng7 29. Rxe8+ Kxe8 30. d5 Kd7 31. Kd4 Ke7 32. Ke5 Ne8 33. Be4 Kd7 34. Bf3 Ke7 35. Bg4 Kd8 36. a3 Kc7 37. h4 b6 38. d6+ Kd8 39. cxb6 axb6 40. a4 Ng7 41. Kf6 Ne8+ 42. Ke5 Ng7 43. Bh3 Ne8 44. d7 Ng7 45. Kf6 Nf5 46. h5 c5 47. Kxf7 Nd6+ 48. Kg7 Nxc4 49. Kxh7 1-0

[Event "MVP-ch Seniors op 15th"]
[Site "Binz"]
[Date "2015.11.24"]
[Round "1.20"]
[White "Giering, Gregor"]
[Black "Hubert, Berthold"]
[Result "1/2-1/2"]
[WhiteElo "1660"]
[BlackElo "1981"]
[PlyCount "108"]
[EventDate "2015.11.24"]
[EventType "swiss"]
[EventRounds "9"]
[EventCountry "GER"]
[SourceTitle "EXT 2017"]
[Source "ChessBase"]
[SourceDate "2016.10.25"]
[SourceVersion "1"]
[SourceVersionDate "2016.10.25"]
[SourceQuality "1"]

1. b3 Nf6 2. Bb2 c5 3. e3 Nc6 4. Nf3 d5 5. Bb5 a6 6. Bxc6+ bxc6 7. 0-0 e6 8. Ne5 Bd6 9. f4 Qc7 10. Ng4 Nxg4 11. Qxg4 f6 12. Qh5+ Qf7 13. Qxf7+ Kxf7 14. d3 Rd8 15. Nd2 Bc7 16. Nf3 Rb8 17. Rab1 a5 18. Ba3 Bd6 19. c4 Ba6 20. g3 a4 21. Rfc1 axb3 22. axb3 dxc4 23. bxc4 Be7 24. Rxb8 Rxb8 25. Nd2 Rd8 26. Rc3 f5 27. Rb3 Bc8 28. Kf2 Bd7 29. Nf3 Ra8 30. Ne5+ Ke8 31. Kf3 Bd6 32. Bb2 g6 33. Rb7 Bxe5 34. Bxe5 Ke7 35. Rb8 Rxb8 36. Bxb8 Bc8 37. Ba7 Kd6 38. e4 fxe4+ 39. Kxe4 Bd7 40. Bb8+ Ke7 41. Ke5 Be8 42. Bd6+ Kd7 43. Bxc5 g5 44. f5 exf5 45. Kxf5 Bg6+ 46. Kxg5 Bxd3 47. Kf6 Bxc4 48. g4 Bd3 49. h4 Bc2 50. h5 Bd1 51. Kf5 Be2 52. Kg5 Ke6 53. Kh4 Kf7 54. g5 Bd1 1/2-1/2

[Event "MVP-ch Seniors op 13th"]
[Site "Binz"]
[Date "2013.11.28"]
[Round "2"]
[White "Walther, Renate"]
[Black "Giering, Gregor"]
[Result "0-1"]
[WhiteElo "845"]
[BlackElo "1550"]
[PlyCount "114"]
[EventDate "2013.11.27"]
[EventType "swiss"]
[EventRounds "9"]
[EventCountry "GER"]
[SourceTitle "EXT 2015"]
[Source "ChessBase"]
[SourceDate "2014.11.20"]
[SourceVersion "1"]
[SourceVersionDate "2014.11.20"]
[SourceQuality "1"]

1. e4 e5 2. Nf3 d6 3. c3 Nf6 4. d3 Be7 5. Be3 0-0 6. Nbd2 Ng4 7. Qe2 f5 8. exf5 Bxf5 9. g3 Nd7 10. Bg2 Nxe3 11. Qxe3 Nc5 12. Ne4 Ne6 13. h4 d5 14. Neg5 Nc5 15. Nxe5 Bxg5 16. hxg5 Re8 17. d4 Nd3+ 18. Kd2 Nxb2 19. Kc1 Nc4 20. Qf3 Qxg5+ 21. Qf4 Qxf4+ 22. gxf4 c6 23. Bf1 Nd6 24. Kd2 Ne4+ 25. Ke3 Nxc3 26. Bd3 Ne4 27. Rag1 Rac8 28. f3 Nd6 29. Rg5 Bxd3 30. Kxd3 Rf8 31. Rg4 Rc7 32. Rh6 Nf5 33. Re6 Re7 34. Rxe7 Nxe7 35. Ke3 b6 36. Rg5 a5 37. Nd7 h6 38. Re5 Nf5+ 39. Kd3 Rd8 40. Nxb6 g6 41. Re6 Ne7 42. Rxe7 h5 43. Na4 h4 44. Nc5 h3 45. Re1 Kf7 46. Rh1 Rh8 47. Nd7 Ke6 48. Nc5+ Kf5 49. Ke3 h2 50. a3 Re8+ 51. Kd3 Kxf4 52. Rxh2 Re3+ 53. Kd2 Rxa3 54. Rf2 Rxf3 55. Nd3+ Kg3 56. Rxf3+ Kxf3 57. Ne1+ Ke4 0-1

[Event "MVP-ch Seniors op 12th"]
[Site "Binz"]
[Date "2012.12.02"]
[Round "5"]
[White "Giering, Gregor"]
[Black "Maczollek, Helmut"]
[Result "1/2-1/2"]
[WhiteElo "1561"]
[BlackElo "1375"]
[PlyCount "120"]
[EventDate "2012.11.28"]
[EventType "swiss"]
[EventRounds "9"]
[EventCountry "GER"]
[SourceTitle "EXT 2014"]
[Source "ChessBase"]
[SourceDate "2013.11.20"]
[SourceVersion "1"]
[SourceVersionDate "2013.11.20"]
[SourceQuality "1"]

1. b3 d5 2. Bb2 e6 3. e3 Nf6 4. Nf3 Be7 5. Bb5+ c6 6. Be2 0-0 7. 0-0 b6 8. c4 c5 9. d4 Bb7 10. Nbd2 Nbd7 11. Qc2 Rc8 12. Rac1 Ne4 13. Nxe4 dxe4 14. Nd2 Nf6 15. Rfd1 Qc7 16. f3 exf3 17. Bxf3 cxd4 18. exd4 Bxf3 19. Nxf3 Rfd8 20. a3 Qf4 21. Qd2 Qd6 22. b4 a6 23. Qe2 Qc7 24. c5 b5 25. Qe5 Qb7 26. Ra1 Nd5 27. Qe1 Qc6 28. Bc1 Bf6 29. Bg5 Re8 30. Bc1 Rcd8 31. Ne5 Qc7 32. Ng4 Rc8 33. Nxf6+ Nxf6 34. a4 Qc6 35. axb5 Qxb5 36. Ra5 Qc6 37. Qe2 Ra8 38. Qf3 Nd5 39. Bd2 Rab8 40. Rda1 Ra8 41. Qd3 Nc7 42. Bf4 Nb5 43. Be5 Red8 44. Qg3 g6 45. Bf6 Rd5 46. Qe3 Nc7 47. Be5 Ne8 48. Qe2 f6 49. Rxa6 Rxa6 50. Rxa6 Qc8 51. Bg3 Rxd4 52. Rxe6 Rd1+ 53. Be1 Rd8 54. Rb6 Kf7 55. Qc4+ Kg7 56. Qe4 Qd7 57. Qb7 Nc7 58. Rd6 Qe7 59. Kf2 Rxd6 60. cxd6 Qxd6 1/2-1/2

[Event "Wch Seniors 13th"]
[Site "Bad Zwischenahn"]
[Date "2003.??.??"]
[Round "?"]
[White "Giering, Gregor"]
[Black "Rueggeberg, Wilhelm"]
[Result "1/2-1/2"]
[WhiteElo "1750"]
[BlackElo "1775"]
[PlyCount "131"]
[EventDate "2003.11.16"]
[EventType "swiss"]
[EventRounds "11"]
[EventCountry "GER"]
[SourceTitle "CBM 097 Extra"]
[Source "ChessBase"]
[SourceDate "2004.01.13"]
[SourceVersion "1"]
[SourceVersionDate "2004.01.13"]
[SourceQuality "1"]

1. b3 e5 2. Bb2 Nc6 3. e4 Nf6 4. d3 Bc5 5. Be2 d5 6. Nd2 0-0 7. Ngf3 Qe7 8. 0-0 Bg4 9. exd5 Nxd5 10. Ne4 Nf4 11. Nxc5 Qxc5 12. h3 Bh5 13. Kh2 Rad8 14. Ng1 Nxe2 15. Nxe2 Nd4 16. f3 Qxc2 17. Bxd4 Qxd1 18. Raxd1 exd4 19. Rc1 Rd7 20. Rc4 Rfd8 21. Nf4 Bg6 22. Nxg6 hxg6 23. Re1 Kf8 24. Kg3 c6 25. h4 Re7 26. Re4 Rxe4 27. fxe4 Ke7 28. Kg4 Rd6 29. a4 Ke6 30. Kf4 f6 31. g4 a5 32. b4 b5 33. Rc5 axb4 34. axb5 Kd7 35. bxc6+ Rxc6 36. Rd5+ Kc7 37. Rxd4 b3 38. Rb4 Rb6 39. Rc4+ Kd6 40. Rc1 b2 41. Rb1 Kc5 42. Ke3 Rb3 43. Kd2 Kd4 44. Kc2 Rb6 45. g5 Rb5 46. Kd2 f5 47. exf5 gxf5 48. h5 f4 49. h6 Rxg5 50. h7 Rg2+ 51. Ke1 Rh2 52. Rxb2 Rxh7 53. Rb4+ Kxd3 54. Rxf4 Ke3 55. Rf1 g5 56. Rg1 g4 57. Rg3+ Kf4 58. Rb3 Rh2 59. Kf1 Rc2 60. Ra3 g3 61. Ra7 Rf2+ 62. Kg1 Re2 63. Rf7+ Kg5 64. Rg7+ Kh4 65. Rh7+ Kg4 66. Rg7+ 1/2-1/2